Statistics for Countries Least Similar To Afghanistan

Click here to take the quiz!

General Stats

  • This quiz has been taken 64 times
  • The average score is 15 of 21

Answer Stats

RankCountryScore% Correct
15United States39.0
92%
1Canada36.7
89%
20Germany39.6
89%
15Sweden39.0
89%
11Finland38.6
87%
6Norway37.9
83%
10United Kingdom38.5
81%
5Iceland37.7
79%
8Denmark38.1
77%
12Australia38.8
75%
18Ireland39.4
75%
2New Zealand37.2
75%
9Belgium38.4
70%
3Netherlands37.3
70%
7Japan38.0
64%
20South Korea39.6
62%
17Switzerland39.1
60%
13Luxembourg38.9
57%
4Singapore37.5
43%
19Taiwan39.5
43%
13Bahamas38.9
17%

Score Distribution

Percentile by Number Answered

Percent of People with Each Score

Your Score History

You have not taken this quiz